000 01130cam a22003257a 4500
003 CHAP
005 20220329143752.0
008 110801s2006 uk a r 00010 eng d
010 _a101666
011 _a102638
020 _a9781840641479
035 _a113327
040 _cCHAP
082 1 0 _a333.72
_bEn89
245 0 3 _aEnvironmental valuation in developed countries :
_bcase studies
_c/editedo por David Pearce
260 _aCheltenham :
_bEdward Elgar,
_c2006
300 _axiii, 458 p. :
_bilus.
590 _aBATCH-UPD
_b10
_c20130110
_lUCH01
_h1200
590 _aBATCH-UPD
_b10
_c20130410
_lUCH01
_h0742
590 _aBATCH-UPD
_b10
_c20130914
_lUCH01
_h1234
590 _aCONVERSION
_b10
_c20130109
_lUCH01
_h1356
650 1 4 _aEconomía ambiental.
_935258
650 1 4 _aMedio ambiente
_xConservación.
_974068
650 1 4 _aRecursos naturales.
_995172
700 0 _aPearce, David W.
_e, ed.
_986400
901 _aBK
942 _cLIBRO
949 _a333.72 En89
_bBC
_cLIBRO
_d33724002246710
_eLIBRO
_gDonaciØn
_h115382
_i113327
_sb
949 _a333.72 En89
_bBC
_cLIBRO
_d33724002300545
_eLIBRO
_fc.2
_gDonaciØn
_h115383
_i113327
_sb
999 _c101666
_d101666